Historia Polski - 20 lecie międzywojenne - Statystyki

Ogólne statystyki
  • Ten quiz został rozwiązany 65 razy
  • Średni wynik to 8 z 19
Statystyki odpowiedzi
Pytanie Odpowiedź % Poprawnych
W którym roku zmarł Józef Piłsudski? 1935
74%
Jak potocznie nazywa się pierwszą konstytucję II RP? Konstytucja Marcowa
74%
W którym roku do tego doszło? 1926
67%
Jakie wydarzenie doprowadziło do zmiany rządzących i w konsekwencji rozpoczęło proces wzmacniania władzy wykonawczej w Polsce? Przewrót Majowy
67%
Z jakim czynnikiem borykała się Polska gospodarka w latach 1923-1925? Hiperinflacja
60%
W którym roku doszło do tego wydarzenia? 1938
55%
Kto został nowym prezydentem II RP? Ignacy Mościcki
55%
Jaki ruch został powołany w celu współpracy z rządem i prezydentem? Sanacja
52%
Jak nazywa się największa mniejszość narodowa mieszkająca na terytorium II RP? Ukraińcy
50%
Jak nazywa się część Czechosłowacji, anektowana w wyniku ultimatum wystosowanym przez Polski rząd? Zaolzie
50%
Kto był inicjatorem tej akcji? Józef Piłsudski
48%
Kto był głównym reformatorem, który zażegnał ten kryzys? Władysław Grabski
45%
Jak nazywa się wprowadzona w tym samym roku konstytucja, wprowadzająca władzę autorytarną w Polsce? Konstytucja Kwietniowa
33%
Jak nazywa się więzienie polityczne w którym przetrzymywano głównych opozycjonistów? Bereza Kartuska
26%
Jak nazywa się odłam Narodowej Demokracji, który przybrał faszystowski charakter, ale został szybko zdelegalizowany? Obóz Narodowo-Radyklany
17%
Kto był "twarzą" tego ruchu? Edward Rydz-Śmigły
10%
Jaki dokument doprowadził do rozdzielenia ziemi, jak i polepszenia standardu życia na wsi? Reforma Rolna
7%
Jak nazywa się ruch powstały po śmierci Piłsudskiego, który został stworzony w celu zjednoczenia Polaków? Obóz Zjednoczenia Narodowego
5%
Jak nazywa się flagowy projekt rządu, wybudowany w samym centrum Warszawy? Dworzec Centralny
2%
Nie znaleziono quizów pasujących do podanych kryteriów
Rozkład punktacji
Procent ludzi z każdym wynikiem
Percentyl według liczby udzielonych odpowiedzi
Twoja historia wyników
Nie rozwiązałeś tego quizu